Normal view
MARC view
- Reinforced concrete
Entry Topical Term
001 - CONTROL NUMBER
- control field: 40928
003 - CONTROL NUMBER IDENTIFIER
- control field: NUST
005 - DATE AND TIME OF LATEST TRANSACTION
- control field: 20210314131924.0
008 - FIXED-LENGTH DATA ELEMENTS
- fixed length control field: 210314|| aca||aabn | a|a d
040 ## - CATALOGING SOURCE
- Original cataloging agency: NUST
- Transcribing agency: NUST
150 ## - HEADING--TOPICAL TERM
- Topical term or geographic name entry element: Reinforced concrete
670 ## - SOURCE DATA FOUND
- Source citation: Work cat.: (NUST): Hsu, Thomas T. C. 40927, Torsion of reinforced concrete /, c1984.
